[Event "SIN-ch"]
[Site "Singapore"]
[Date "2009.01.07"]
[Round "6"]
[White "Liu, Yang Hazel"]
[Black "Muhd, Haikal"]
[Result "0-1"]
[WhiteElo "2030"]
[BlackElo "1930"]
[PlyCount "104"]
[EventDate "2009.01.03"]
[EventType "swiss"]
[EventRounds "9"]
[EventCountry "SIN"]
[SourceTitle "CBM 128 Extra"]
[Source "ChessBase"]
[SourceDate "2009.03.05"]
[SourceVersion "2"]
[SourceVersionDate "2009.03.25"]
[SourceQuality "1"]

1. d4 Nf6 2. c4 e6 3. Nf3 Bb4+ 4. Bd2 Qe7 5. c5 Bxd2+ 6. Nbxd2 b6 7. Rc1 Nc6 8. e3 0-0 9. Bd3 Nb4 10. Bb1 bxc5 11. Rxc5 Na6 12. Rc1 Rb8 13. b3 c5 14. 0-0 cxd4 15. Nxd4 Bb7 16. e4 d6 17. Nc6 Bxc6 18. Rxc6 Nb4 19. Rc3 Rfc8 20. Rh3 e5 21. Nc4 Rd8 22. Ne3 g6 23. Qf3 Nc6 24. Qg3 Nd4 25. Qg5 Ne2+ 26. Kh1 Nf4 27. Rh4 Ne6 28. Qh6 Qf8 29. Qxf8+ Rxf8 30. Nc4 Rfd8 31. Rh3 Nh5 32. Rd3 Nd4 33. g3 f6 34. Ne3 Rf8 35. Nd5 Ng7 36. b4 Nge6 37. a3 Kg7 38. f4 Rbc8 39. Rc3 Rxc3 40. Nxc3 Rf7 41. Nd5 Nc7 42. Ne3 Nce6 43. Ba2 Rc7 44. Nc4 Rd7 45. Ne3 Rc7 46. f5 Ng5 47. fxg6 hxg6 48. Bd5 Rc3 49. Nc4 Rc2 50. Rb1 Ndf3 51. Rb2 Rc1+ 52. Kg2 Ne1+ 0-1

[Event "SGP-ch 60th"]
[Site "Singapore"]
[Date "2007.12.30"]
[Round "4"]
[White "Chan, Wei Xuan Timothy"]
[Black "Muhd, Haikal"]
[Result "1-0"]
[WhiteElo "2231"]
[BlackElo "1928"]
[PlyCount "43"]
[EventDate "2007.12.29"]
[EventType "swiss"]
[EventRounds "9"]
[EventCountry "SIN"]
[SourceTitle "EXT 2022"]
[Source "ChessBase"]
[SourceDate "2021.10.06"]
[SourceVersion "1"]
[SourceVersionDate "2021.10.06"]
[SourceQuality "1"]

1. e4 g6 2. d4 Bg7 3. Nc3 d6 4. f4 a6 5. a4 Nd7 6. Nf3 e6 7. Bd3 Ne7 8. 0-0 b6 9. f5 exf5 10. exf5 Nf6 11. Nh4 0-0 12. Bg5 h6 13. Bxf6 Bxf6 14. fxg6 Bxh4 15. Qh5 Bg5 16. gxf7+ Kg7 17. Rae1 Bg4 18. Qxg4 Rh8 19. Qh5 Kf8 20. Ne4 Kg7 21. Nxg5 hxg5 22. f8Q+ 1-0

[Event "SGP-ch 60th"]
[Site "Singapore"]
[Date "2007.12.30"]
[Round "3"]
[White "Muhd, Haikal"]
[Black "Chan, Yi Ren Daniel"]
[Result "1/2-1/2"]
[WhiteElo "1928"]
[BlackElo "2137"]
[PlyCount "127"]
[EventDate "2007.12.29"]
[EventType "swiss"]
[EventRounds "9"]
[EventCountry "SIN"]
[SourceTitle "EXT 2022"]
[Source "ChessBase"]
[SourceDate "2021.10.06"]
[SourceVersion "1"]
[SourceVersionDate "2021.10.06"]
[SourceQuality "1"]

1. e4 e5 2. Nf3 Nc6 3. Bb5 Nge7 4. 0-0 g6 5. c3 Bg7 6. d4 exd4 7. cxd4 a6 8. Ba4 b5 9. Bb3 d6 10. h3 0-0 11. Nc3 Na5 12. Bc2 c5 13. d5 Nc4 14. Nd2 Nxd2 15. Qxd2 f5 16. Qd1 f4 17. Re1 b4 18. Nb1 g5 19. e5 Bf5 20. Bb3 Kh8 21. exd6 Qxd6 22. Nd2 Rae8 23. Ne4 Bxe4 24. Rxe4 Nf5 25. Rxe8 Rxe8 26. Bd2 Bxb2 27. Rb1 Bf6 28. Qh5 Re7 29. Qg4 Nd4 30. Qc8+ Kg7 31. Bc4 a5 32. h4 h6 33. hxg5 Bxg5 34. Qh3 Qd7 35. Qh5 Qf5 36. Rf1 Qc2 37. d6 Ra7 38. d7 Qxc4 39. Qxg5+ hxg5 40. d8Q Ne2+ 41. Kh2 Qe6 42. Qxg5+ Kh7 43. Bxf4 Rg7 44. Qh4+ Kg8 45. Bh6 Rh7 46. Qg5+ Kf7 47. Qh5+ Kg8 48. Qg5+ Kf7 49. Qh5+ Qg6 50. Qf3+ Qf6 51. Qh5+ Ke6 52. Qxe2+ Qe5+ 53. Qxe5+ Kxe5 54. g4 Rxh6+ 55. Kg3 c4 56. f4+ Kd4 57. f5 Rh8 58. g5 b3 59. axb3 cxb3 60. f6 b2 61. g6 Rh6 62. f7 Rxg6+ 63. Kh4 b1Q 64. Rxb1 1/2-1/2

[Event "SGP-ch 60th"]
[Site "Singapore"]
[Date "2007.12.29"]
[Round "2"]
[White "Goh, Koon Jong Jason"]
[Black "Muhd, Haikal"]
[Result "0-1"]
[WhiteElo "2384"]
[BlackElo "1928"]
[PlyCount "74"]
[EventDate "2007.12.29"]
[EventType "swiss"]
[EventRounds "9"]
[EventCountry "SIN"]
[SourceTitle "EXT 2022"]
[Source "ChessBase"]
[SourceDate "2021.10.06"]
[SourceVersion "1"]
[SourceVersionDate "2021.10.06"]
[SourceQuality "1"]

1. d4 Nf6 2. c4 c5 3. d5 e6 4. Nc3 exd5 5. cxd5 d6 6. Nf3 g6 7. Bf4 a6 8. e4 Bg7 9. Qa4+ Bd7 10. Qb3 Bc8 11. a4 0-0 12. Nd2 Nh5 13. Be3 Nd7 14. Be2 Ne5 15. Qd1 Qh4 16. g3 Qh3 17. Bf1 Qd7 18. h3 Qd8 19. Be2 Nf6 20. f4 Ned7 21. Kf2 Ne8 22. Qc2 f5 23. exf5 gxf5 24. Bd3 Qf6 25. g4 Qh4+ 26. Ke2 fxg4 27. hxg4 Qxg4+ 28. Nf3 Qg2+ 29. Bf2 Rxf4 30. Bxh7+ Kf8 31. Be4 Bd4 32. Rh2 Qxh2 33. Rf1 Qh5 34. Qd2 Qg4 35. Bxd4 cxd4 36. Qxd4 Ndf6 37. Ke3 Bf5 0-1

[Event "World ol U16 06th"]
[Site "Singapore"]
[Date "2007.08.08"]
[Round "6"]
[White "Chin, Matthew Peter"]
[Black "Muhd, Haikal"]
[Result "0-1"]
[WhiteElo "1965"]
[BlackElo "1914"]
[PlyCount "136"]
[EventDate "2007.08.05"]
[EventType "team-swiss"]
[EventRounds "10"]
[EventCountry "SIN"]
[SourceTitle "EXT 2008"]
[Source "ChessBase"]
[SourceDate "2007.11.25"]
[SourceVersion "1"]
[SourceVersionDate "2007.11.25"]
[SourceQuality "1"]

1. e4 c5 2. d3 Nc6 3. g3 g6 4. Bg2 Bg7 5. f4 e6 6. Nf3 Nge7 7. 0-0 0-0 8. c3 d5 9. e5 b6 10. Na3 a5 11. Nc2 Ba6 12. a4 h5 13. Be3 Nf5 14. Bf2 Bh6 15. Re1 Rb8 16. Qd2 c4 17. d4 b5 18. axb5 Rxb5 19. Ne3 Nfe7 20. Re2 Qc7 21. Rf1 Rfb8 22. Nd1 a4 23. Qc2 Qa5 24. Be3 a3 25. bxa3 Qxa3 26. Bc1 Qa5 27. h3 Qa1 28. g4 hxg4 29. hxg4 Qb1 30. Nh4 Qxc2 31. Rxc2 Rb1 32. Bd2 Bb5 33. Ra2 Nd8 34. Kf2 Bc6 35. Kg3 Ra8 36. Rxa8 Bxa8 37. Bf3 Bc6 38. Rf2 Ba4 39. Ne3 g5 40. fxg5 Bxg5 41. Be2 Rb2 42. Nf3 Bxe3 43. Bxe3 Ndc6 44. Kf4 Ng6+ 45. Kg5 Na7 46. Kf6 Be8 47. Bd1 Rb7 48. Bc2 Nf8 49. Bh6 Nd7+ 50. Kg5 Nb5 51. Nh4 Nxc3 52. Kh5 Nb5 53. Be3 Na3 54. Bd1 f6+ 55. Kh6 Nxe5 56. Rxf6 Rh7+ 57. Kg5 Nf7+ 58. Kf4 Rxh4 59. Kg3 Rh1 60. Bf3 Rh7 61. Rxe6 Bd7 62. Ra6 Nc2 63. Bf2 Nb4 64. Ra8+ Kg7 65. Rb8 Ng5 66. Bg2 Nd3 67. Be3 Ne4+ 68. Kf3 Ne1+ 0-1